Real Madrid CF Squad 1965-1966 - Statistics

General Stats
  • This quiz has been taken 5 times
  • The average score is 8 of 25
Answer Stats
Position Nation Player % Correct
FW Hungary Ferenc Puskás
100%
FW Spain Paco Gento
100%
FW Spain Amancio
50%
GK Spain Antonio Betancort
50%
FW Spain Fernando Serena
50%
MF Spain Ignacio Zoco
50%
DF Uruguay José Santamaría
50%
DF Spain Manuel Sanchís
50%
DF Spain Pachín
50%
MF Spain Pirri
50%
DF Spain Antonio Calpe
25%
GK Spain José Araquistáin
25%
FW Paraguay Juan Agüero
25%
MF Spain Manuel Velázquez
25%
DF Spain Pedro de Felipe
25%
FW Spain Ramón Grosso
25%
MF Spain Félix Ruiz
0%
DF Spain Isidro Sánchez
0%
FW Spain Jaime Blanco
0%
FW Spain José Veloso
0%
FW Spain Manolín Bueno
0%
Coach Spain Miguel Muñoz
0%
DF Spain Pedro Casado
0%
MF Spain Ramón Tejada
0%
DF Spain Vicente Miera
0%
No matching quizzes found
Score Distribution
Percent of People with Each Score
Percentile by Number Answered
Your Score History
You have not taken this quiz